Responses for Show #2236 - Monday, May 2, 1994

1994 College Championship quarterfinal game 1.

Contestants

[<< previous game]

John Sweeney, a senior from the University of Nebraska at Lincoln

Brian Johnson, a junior from the University of Florida

Brooke Gallagher, a junior from the University of Maryland in Baltimore County

[next game >>]

Jeopardy! Round responses

SCIENCE
1993 MOVIES
ASIAN CITIES
THE OLD TESTAMENT
BUSINESS & INDUSTRY
VOCABULARY
    $100 1
sodium chloride

Brian
    $100 11
Jurassic Park

Brooke
    $100 6
Hong Kong

Brian
    $100 12
flood

Brooke
    $100 20
patent

Brian
    $100 17
slick

Brooke
    $200 2
gas

Brooke
    $200 25
Beethoven

Brian
    $200 7
Taipei

Brooke
    $200 13
Jonah

Brooke
    $200 21
Disney

Brian
    $200 18
ship

Brian
    $300 3
half-life

Brian
    $300 26
The Nightmare Before Christmas

Brooke
    $300 8
Calcutta

Brooke
    $300 14
(John: What is the Ten Commandments?)

Ark of the Covenant

BrookeJohn
    $300 22
Dan Quayle

Brooke
    $300 19
Filbert

Triple Stumper
    $400 4
genus

Brooke
    $400 27
Sister Act 2

Brooke
    $400 9
(Brooke: What is Afghanistan?)

Iran

Brooke
Triple Stumper
    $400 15
Jericho

Brooke
    $400 23
(Brooke: What is Nutri-System?)

Weight Watchers

BrookeJohn
    $1,500 29
(Brooke: What is I can't think of it?)

syllabus

Brooke
    $500 5
212° Fahrenheit

Brooke
    $500 28
Shadowlands

Brooke
    $500 10
Aden

John
    $500 16
Joseph

Brooke
    $500 24
Buenos Aires

John
    $500 30
cybernetic & organism

Brian

Scores at the first commercial break (after clue 15):

Brooke Brian John
$2,300 $500 $200

Scores at the end of the Jeopardy! Round:

Brooke Brian John
$2,500 $1,700 $1,100

Double Jeopardy! Round responses

1989
SCULPTURE
MUSIC APPRECIATION
U.S. GEOGRAPHY
BRITISH AUTHORS
HELEN KELLER
    $200 18
Bush

Brian
    $200 13
steel

Brooke
    $200 25
grand piano

Brooke
    $200 2
Aleutian Islands

Brooke
    $200 1
Orwell

Brian
    $200 4
(John: What is the Union?)

Confederacy

BrookeJohn
    $400 19
Bastille

John
    $400 14
the Indian head nickel

Brooke
    $400 27
ragtime

John
    $400 6
(John: What is Washington?)
(Brian: What is Idaho?)

California

BrianJohn
Triple Stumper
    $400 3
Sir Arthur Conan Doyle

Brooke
    $400 5
Radcliffe

Brian
    $600 20
Powell

Brian
    $600 15
Venus de Milo

Brian
    $600 28
[The end-of-round signal sounds.]

the Vienna Boys Choir

Brooke
    $1,100 7
Florida

Brian
    $600 10
Dickens

Brian
    $600 23
(Alex: Less than a minute to go now, John.)

Hiroshima & Nagasaki

John
    $800 21
an earthquake

Brian
    $800 16
Lord Elgin

Brooke
    $800 8
Huron

Brian
    $800 11
Robert Louis Stevenson

John
    $1,300 24
(Anne) Sullivan

John
    $1000 22
C. Everett Koop

Brooke
    $1000 17
(John: Who is Michelangelo?)

Donatello

BrianJohn
    $1000 9
(Brian: What is the Columbia?)

Snake

Brian
Triple Stumper
    $1000 12
(James) Hilton

Brian
    $1000 26
I.W.W. (Industrial Workers of the World)

John

Scores at the end of the Double Jeopardy! Round:

Brooke Brian John
$6,500 $7,600 $4,000

Final Jeopardy! Round responses

MUSEUMS
JohnWhat is the Smithsonian?
$4,000
BrookeWhat is the Smithsonian?
$4,500
BrianWhat is the Smithsonian?
$5,401
Smithsonian

Final scores:

Brooke Brian John
$11,000 $13,001 $8,000
2nd place: $1,000 Automatic semifinalist 3rd place: $1,000

Game dynamics:

Coryat scores:

Brooke Brian John
$8,000 $7,100 $3,500
25 R,
3 W
(including 1 DD)
19 R
(including 1 DD),
2 W
9 R
(including 1 DD),
4 W

Combined Coryat: $18,600

[game clues] [game scores] [suggest correction]

Game tape date: 1994-02-27
The J! Archive is created by fans, for fans. Scraping, republication, monetization, and malicious use prohibited; this site may use cookies and collect identifying information. See terms. The Jeopardy! game show and all elements thereof, including but not limited to copyright and trademark thereto, are the property of Jeopardy Productions, Inc. and are protected under law. This website is not affiliated with, sponsored by, or operated by Jeopardy Productions, Inc. Join the discussion at JBoard.tv.